<?xml version="1.0" encoding="UTF-8"?>
<collection xmlns="http://www.loc.gov/MARC21/slim">
 <record>
  <leader>     na                 </leader>
  <controlfield tag="001">INLIS000000001504749</controlfield>
  <controlfield tag="005">20260428113114</controlfield>
  <datafield tag="035" ind1=" " ind2=" ">
   <subfield code="a">0010-0426000071</subfield>
  </datafield>
  <controlfield tag="007">ta</controlfield>
  <controlfield tag="008">260428                |          | |  </controlfield>
  <datafield tag="082" ind1=" " ind2=" ">
   <subfield code="a">L.310-25182</subfield>
  </datafield>
  <datafield tag="084" ind1=" " ind2=" ">
   <subfield code="a">L.310-25182 NOV e</subfield>
  </datafield>
  <datafield tag="100" ind1="0" ind2=" ">
   <subfield code="a">NOVI FARADILLA DWI NINGTYAS</subfield>
   <subfield code="e">Pengarang</subfield>
  </datafield>
  <datafield tag="245" ind1="1" ind2=" ">
   <subfield code="a">EVALUASI PEMBERIAN PAKAN COMPLETE FEED DOMBA (CFD) BERBAHAN BAKU LOKAL PADA USAHA PENGGEMUKAN DOMBA DITINJAU DARI NILAI EKONOMI DI PETERNAKAN UD KAMBING BURJA LAWANG /</subfield>
   <subfield code="c">Polbangtan Malang</subfield>
  </datafield>
  <datafield tag="300" ind1=" " ind2=" ">
   <subfield code="a">111 hlm</subfield>
  </datafield>
  <datafield tag="650" ind1=" " ind2="4">
   <subfield code="a">Complete Feed Domba (CFD), Pakan Lokal, Penggemukan Domba, Efisiensi Pakan, Nilai Ekonomi, ROI</subfield>
  </datafield>
  <datafield tag="520" ind1=" " ind2=" ">
   <subfield code="a">Penelitian ini bertujuan untuk mengevaluasi pemberian pakan Complete Feed Domba (CFD) berbahan baku lokal terhadap performa produksi dan nilai ekonomi usaha penggemukan domba di Peternakan UD. Kambing Burja Lawang, Kabupaten Malang. Pakan CFD dirancang untuk mengoptimalkan kebutuhan nutrisi domba dengan menggunakan bahan lokal seperti pongkol singkong, kulit kopi, kulit singkong, dan bungkil kopra, untuk mengurangi ketergantungan pada hijauan yang berfluktuasi serta menekan biaya produksi. Penelitian ini dilakukan selama dua bulan (November 2024 - Januari 2025) menggunakan metode observasi dan wawancara. Sampel domba dipilih dengan teknik purposive sampling berdasarkan jenis kelamin, umur dan kondisi kesehatan. Data primer yang dikumpulkan meliputi konsumsi pakan, analisis kadar air, bobot badan awal dan akhir, pertambahan bobot badan harian (PBBH) konversi pakan. Analisis efisiensi pakan dilakukan menggunakan metode IOFC (Income Over Feed Cost), serta analisis kelayakan finansial dilakukan dengan menghitung R/C Ratio, B/C Ratio, ROI, Payback Period, dan Break Even Poin (BEP). Hasil penelitian menunjukan bahwa pemberian pakan Complete Feed Domba (CFD) berbahan baku lokal mampu menghasilkan rata-rata konsumsi bahan kering sebesar 1,48 kg/ekor/hari atau 4,5% dari bobot badan, dengan rata-rata pertambahan bobot badan harian sebesar 245,0±76,6 g/ekor/hari, dan konversi pakan (FCR) sebesar 6,0 yang menunjukan efisien cukup baik. Secara sisi ekonomi, usaha ini layak dijalankan dengan nilai R/C Ratio 1,21, B/C Ratio 0,21, ROI 11,7% per periode, dan periode balik modal (Payback period) selama 1,8 tahun. Titik impas usaha (BEP unit) tercapai pada penjualan minimal 22 ekor domba/periode dengan harga jual minimal Rp. 3.524.900/ekor. Hasil penelitian ini merekomendasikan penggunaan pakan Complete Feed Domba (CFD) berbahan baku lokal sebagai alternatif strategis dalam usaha penggemukan domba, guna meningkatkan produktivitas dan keberlanjutan usaha peternakan secara ekonomis.</subfield>
  </datafield>
  <datafield tag="336" ind1=" " ind2=" ">
   <subfield code="2">rdacontent</subfield>
   <subfield code="a">Text</subfield>
  </datafield>
  <datafield tag="337" ind1=" " ind2=" ">
   <subfield code="2">rdamedia</subfield>
   <subfield code="a">Buku Tercetak</subfield>
  </datafield>
  <datafield tag="338" ind1=" " ind2=" ">
   <subfield code="2">rdacarrier</subfield>
   <subfield code="a">Hardcopy</subfield>
  </datafield>
  <datafield tag="856" ind1=" " ind2=" ">
   <subfield code="a">https://repository.polbangtanmalang.ac.id/xmlui/handle/123456789/2135</subfield>
  </datafield>
  <datafield tag="264" ind1=" " ind2=" ">
   <subfield code="a">Malang :</subfield>
   <subfield code="b">Polbangtan Malang,</subfield>
   <subfield code="c">2025</subfield>
  </datafield>
  <datafield tag="990" ind1=" " ind2=" ">
   <subfield code="a">L.310-25182</subfield>
  </datafield>
 </record>
</collection>
